| 000 | 00576nam a2200229 a 4500 | ||
|---|---|---|---|
| 999 |
_c9276 _d9276 |
||
| 001 | 9276 | ||
| 003 | BD-JhCC | ||
| 005 | 20181001171006.0 | ||
| 008 | 180312b n |||| || | 000 0 eng d | ||
| 035 | _a(BD-JhCC)9276 | ||
| 040 |
_aBD-JhCC _dBD-JhCC |
||
| 041 | _aeng | ||
| 082 |
_a341.23 _bBAS |
||
| 245 |
_aBasic Facts about United Nations / _cUnited Nations |
||
| 260 |
_aNew York : _bUnited Nations, |
||
| 300 |
_a69 p. : _c20 cm. |
||
| 650 | _aUnited Nations | ||
| 650 | _aInternational Relations | ||
| 710 | _aUnited Nations | ||
| 942 |
_2ddc _cBK |
||